Môi trường đầu tư tốt hơn cho mọi người

Shranjeno v:
Bibliografske podrobnosti
Korporativna značnica: Ngân hàng Thế giới
Format: Knjiga
Jezik:Undetermined
Izdano: Hà Nội Văn hoá - Thông tin 2003
Teme:
Oznake: Označite
Brez oznak, prvi označite!
Thư viện lưu trữ: Trung tâm Học liệu Trường Đại học Cần Thơ
LEADER 00551nam a2200181Ia 4500
001 CTU_68950
008 210402s9999 xx 000 0 und d
082 |a 332.673 
082 |b Ng121 
110 |a Ngân hàng Thế giới 
245 0 |a Môi trường đầu tư tốt hơn cho mọi người 
245 0 |c Ngân hàng Thế giới 
260 |a Hà Nội 
260 |b Văn hoá - Thông tin 
260 |c 2003 
650 |a Investments 
904 |i Vuong 
980 |a Trung tâm Học liệu Trường Đại học Cần Thơ